| 000 | 00627nam a22001697a 4500 | ||
|---|---|---|---|
| 999 |
_c12687 _d12687 |
||
| 008 | 190131b ||||| |||| 00| 0 eng d | ||
| 082 |
_22018 _aUT 1113 _bG21 |
||
| 100 |
_aGarcia, Claire C. _935959 |
||
| 245 |
_aEffect of English language to the English major Students / _cClaire C. Garcia, Daisery I. Uyanguren, Leoniw Jean O. Neones |
||
| 260 |
_aDigos City: _bUMDC _cOctober 2018. |
||
| 300 |
_a82 pages; _c30 cm. |
||
| 650 |
_aEducation _vEnglish _xUndergraduate thesis. _935960 |
||
| 700 |
_aGarcia, Claire C. _935959 |
||
| 700 |
_aUyanguren, Daisery I. _935961 |
||
| 700 |
_aNeones, Leonie Jean O. _935962 |
||
| 942 |
_2ddc _cUT |
||